Economic theory and method.

Na minha lista:
Detalhes bibliográficos
Autor principal: Zeuthen, Frederik
Formato: Livro
Idioma:inglês
Publicado em: London, Longmans, Green [1955]
Assuntos:
Tags: Adicionar Tag
Sem tags, seja o primeiro a adicionar uma tag!

MARC

LEADER 00000cam a22000001 4500
020 |a NA  |c NA 
040 |a MUL  |b eng.  |e AACR 
041 1 |a eng 
082 |a 330.1 ZEU 
100 1 |a Zeuthen, Frederik, 
245 1 0 |a Economic theory and method.  |c / Frederik, Zeuthen  
260 |a London,  |b Longmans, Green  |c [1955] 
300 |a 364 p.  |b ill. ;  |c 23 cm. 
500 |a Translation of Økonomisk teori og metode. 
546 |a eng. 
650 0 |a Economics. 
942 |c BK 
999 |c 10362  |d 10362